[Event "Niederoesterreich Landesliga 1011"]
[Site "Austria"]
[Date "2010.11.21"]
[Round "6"]
[White "Juenger, Heinz"]
[Black "Degen, Gerhard"]
[Result "1-0"]
[WhiteElo "2126"]
[BlackElo "2090"]
[PlyCount "83"]
[EventDate "2010.09.12"]
[EventType "team-tourn"]
[EventRounds "13"]
[EventCountry "AUT"]
[SourceTitle "EXT 2022"]
[Source "ChessBase"]
[SourceDate "2021.10.06"]
[SourceVersion "1"]
[SourceVersionDate "2021.10.06"]
[SourceQuality "1"]

1. e4 c6 2. d4 d5 3. Nc3 dxe4 4. Nxe4 Bf5 5. Ng3 Bg6 6. h4 h6 7. Nf3 Nd7 8. h5 Bh7 9. Bd3 Bxd3 10. Qxd3 e6 11. Bd2 Ngf6 12. 0-0-0 Qc7 13. Ne4 Nxe4 14. Qxe4 Nf6 15. Qe2 0-0-0 16. g3 Rd5 17. Ne5 Rxd4 18. Bf4 Bc5 19. Ng6 Rxf4 20. Nxf4 Qb6 21. Nd3 Bd6 22. Kb1 Nd5 23. Ka1 Rf8 24. Qg4 Rg8 25. Qe4 Nf6 26. Qf3 Qb5 27. Rh4 Kc7 28. c4 Qa5 29. Qe2 Rf8 30. Re1 c5 31. Ne5 a6 32. Rd1 Be7 33. Rd3 Qb6 34. Rh1 Kb8 35. Rhd1 Ka7 36. Nd7 Nxd7 37. Rxd7 Bf6 38. Qc2 e5 39. R1d6 Qb4 40. a3 Qe1+ 41. Ka2 e4 42. Qb3 1-0

[Event "Niederoesterreich Landesliga 0910"]
[Site "Austria"]
[Date "2009.11.22"]
[Round "5"]
[White "Degen, Gerhard"]
[Black "Sandhoefner, Florian"]
[Result "1/2-1/2"]
[WhiteElo "2091"]
[BlackElo "2213"]
[PlyCount "60"]
[EventDate "2009.09.06"]
[EventType "team-tourn"]
[EventRounds "11"]
[EventCountry "AUT"]
[SourceTitle "EXT 2022"]
[Source "ChessBase"]
[SourceDate "2021.10.06"]
[SourceVersion "1"]
[SourceVersionDate "2021.10.06"]
[SourceQuality "1"]

1. e4 c5 2. Nf3 d6 3. Bb5+ Bd7 4. Bxd7+ Qxd7 5. 0-0 Nf6 6. Re1 Nc6 7. Nc3 g6 8. d3 Bg7 9. Bf4 0-0 10. Qd2 Rfe8 11. Bg5 a6 12. Bxf6 Bxf6 13. Nd5 Bxb2 14. Rab1 Bg7 15. Nb6 Qc7 16. Nxa8 Rxa8 17. a4 Rb8 18. c3 Qa5 19. Rec1 Qxa4 20. Ra1 Qb3 21. d4 Qb6 22. Rcb1 Qa7 23. d5 Ne5 24. Nxe5 Bxe5 25. Ra3 b5 26. Qa2 Rb6 27. g3 b4 28. cxb4 cxb4 29. Ra4 Qb7 30. Rb3 Bc3 1/2-1/2

[Event "Niederoesterreich Landesliga 0708"]
[Site "Austria"]
[Date "2008.04.27"]
[Round "13"]
[White "Degen, Gerhard"]
[Black "Rumpl, Erwin"]
[Result "0-1"]
[WhiteElo "2095"]
[BlackElo "2286"]
[PlyCount "78"]
[EventDate "2007.09.16"]
[EventType "team-tourn"]
[EventRounds "13"]
[EventCountry "AUT"]
[SourceTitle "EXT 2022"]
[Source "ChessBase"]
[SourceDate "2021.10.06"]
[SourceVersion "1"]
[SourceVersionDate "2021.10.06"]
[SourceQuality "1"]

1. e4 g6 2. d4 Bg7 3. Nf3 d6 4. Be2 Nf6 5. Nc3 0-0 6. 0-0 a6 7. h3 b5 8. a3 Bb7 9. e5 Nd5 10. Ne4 Nc6 11. c4 bxc4 12. Bxc4 Nb6 13. Ba2 Nxe5 14. dxe5 Bxe4 15. Ng5 Bb7 16. e6 f5 17. Nf7 Qe8 18. Nh6+ Kh8 19. Nf7+ Kg8 20. Nh6+ Kh8 21. Nf7+ Rxf7 22. exf7 Qc6 23. f3 d5 24. Bg5 Qd6 25. Qe1 e5 26. Rc1 Nd7 27. Qa5 c5 28. Rfd1 Rc8 29. b4 h6 30. Bh4 e4 31. fxe4 fxe4 32. bxc5 Nxc5 33. Bf2 d4 34. Rc4 e3 35. Be1 Qc6 36. Rc2 Qe4 37. Rdc1 d3 38. Qb4 dxc2 39. Qxe4 Bxe4 0-1

[Event "Niederoesterreich Landesliga 0708"]
[Site "Austria"]
[Date "2007.10.28"]
[Round "4"]
[White "Degen, Gerhard"]
[Black "Sadilek, Maximilian"]
[Result "1-0"]
[WhiteElo "2095"]
[BlackElo "2107"]
[PlyCount "53"]
[EventDate "2007.09.16"]
[EventType "team-tourn"]
[EventRounds "13"]
[EventCountry "AUT"]
[SourceTitle "EXT 2022"]
[Source "ChessBase"]
[SourceDate "2021.10.06"]
[SourceVersion "1"]
[SourceVersionDate "2021.10.06"]
[SourceQuality "1"]

1. e4 c5 2. Nf3 Nc6 3. Bb5 Nf6 4. Nc3 g6 5. 0-0 Bg7 6. Re1 0-0 7. d3 Qc7 8. e5 Ng4 9. Nd5 Qd8 10. Bg5 Re8 11. c3 a6 12. Ba4 b5 13. Bb3 Ngxe5 14. Nxe5 Nxe5 15. f4 Nc6 16. f5 d6 17. fxg6 hxg6 18. Qf3 Ne5 19. Rxe5 Bxe5 20. Nxe7+ Rxe7 21. Qxa8 c4 22. Bxe7 Qxe7 23. Qxc8+ Kg7 24. dxc4 Qh4 25. Qh3 Qe4 26. cxb5 d5 27. Qf3 1-0

[Event "Niederoesterreich Landesliga 0607"]
[Site "Austria"]
[Date "2007.02.18"]
[Round "9"]
[White "Sadilek, Maximilian"]
[Black "Degen, Gerhard"]
[Result "0-1"]
[WhiteElo "2150"]
[BlackElo "2207"]
[PlyCount "72"]
[EventDate "2006.09.17"]
[EventType "team-tourn"]
[EventRounds "11"]
[EventCountry "AUT"]
[SourceTitle "EXT 2022"]
[Source "ChessBase"]
[SourceDate "2021.10.06"]
[SourceVersion "1"]
[SourceVersionDate "2021.10.06"]
[SourceQuality "1"]

1. e4 c6 2. d4 d5 3. exd5 cxd5 4. Nf3 Bg4 5. h3 Bh5 6. Bb5+ Nc6 7. g4 Bg6 8. Ne5 Rc8 9. Nc3 e6 10. h4 f6 11. Nxg6 hxg6 12. Qd3 Kf7 13. Bd2 Bb4 14. 0-0-0 Nge7 15. f4 Qb6 16. Bxc6 Rxc6 17. Rdg1 Rc4 18. Ne2 Bxd2+ 19. Qxd2 Qa6 20. Kb1 Rhc8 21. c3 b5 22. g5 f5 23. h5 gxh5 24. g6+ Kf8 25. Rxh5 b4 26. Rh3 bxc3 27. Rxc3 Rxc3 28. Nxc3 Qc4 29. Qe3 Rc6 30. a3 Rb6 31. Qd2 Nc6 32. Rd1 Qb3 33. Rh1 Na5 34. Rh8+ Ke7 35. Rh7 Kf6 36. Qe3 Qxb2# 0-1

[Event "Niederoesterreich Landesliga 0607"]
[Site "Austria"]
[Date "2006.10.15"]
[Round "3"]
[White "Weinzettl, Ernst"]
[Black "Degen, Gerhard"]
[Result "1-0"]
[WhiteElo "2327"]
[BlackElo "2207"]
[PlyCount "81"]
[EventDate "2006.09.17"]
[EventType "team-tourn"]
[EventRounds "11"]
[EventCountry "AUT"]
[SourceTitle "EXT 2022"]
[Source "ChessBase"]
[SourceDate "2021.10.06"]
[SourceVersion "1"]
[SourceVersionDate "2021.10.06"]
[SourceQuality "1"]

1. e4 c6 2. Nc3 d5 3. Nf3 Bg4 4. h3 Bh5 5. exd5 cxd5 6. Bb5+ Nc6 7. g4 Bg6 8. Ne5 Qd6 9. d4 f6 10. Nxg6 hxg6 11. Qd3 0-0-0 12. Bxc6 Qxc6 13. Nb5 Qb6 14. a4 a6 15. Nc3 e6 16. a5 Qc7 17. Qxg6 Ne7 18. Qf7 e5 19. Be3 Nc6 20. Qe6+ Qd7 21. Qxd7+ Rxd7 22. Na4 Rd8 23. 0-0-0 e4 24. Bf4 Bd6 25. Nb6+ Kb8 26. Nxd5 Bxf4+ 27. Nxf4 Rxd4 28. Rxd4 Nxd4 29. Rd1 Nc6 30. Rd7 g5 31. Nh5 f5 32. Rd5 fxg4 33. hxg4 Rf8 34. Rf5 Re8 35. Nf6 Re6 36. Nd7+ Kc7 37. Nc5 Re7 38. Rxg5 Ne5 39. Nxe4 Nf3 40. Rc5+ Kb8 41. Rf5 1-0

[Event "Niederoesterreich Landesliga 0506"]
[Site "Austria"]
[Date "2006.04.02"]
[Round "12"]
[White "Svanda, Pavel"]
[Black "Degen, Gerhard"]
[Result "1/2-1/2"]
[WhiteElo "2239"]
[BlackElo "2117"]
[PlyCount "84"]
[EventDate "2005.09.18"]
[EventType "team-tourn"]
[EventRounds "13"]
[EventCountry "AUT"]
[SourceTitle "EXT 2022"]
[Source "ChessBase"]
[SourceDate "2021.10.06"]
[SourceVersion "1"]
[SourceVersionDate "2021.10.06"]
[SourceQuality "1"]

1. e4 c6 2. d4 d5 3. exd5 cxd5 4. Bd3 Nc6 5. c3 Nf6 6. Ne2 Bg4 7. Qb3 Qd7 8. Ng3 e6 9. Bg5 Be7 10. f3 Bf5 11. Nxf5 exf5 12. Qc2 g6 13. 0-0 0-0 14. a4 Nh5 15. Bh6 Rfe8 16. Nd2 Rac8 17. Bb5 a6 18. Bxc6 Rxc6 19. f4 Re6 20. Nf3 f6 21. Rae1 Bd6 22. Rxe6 Rxe6 23. g3 Bf8 24. Bxf8 Kxf8 25. c4 dxc4 26. Qxc4 Rc6 27. Qb4+ Qe7 28. Qb3 Ng7 29. Re1 Qd7 30. Qb4+ Kf7 31. Qb3+ Kf8 32. Kg2 Rd6 33. Qb4 Kf7 34. Qc4+ Ne6 35. Rd1 Kg7 36. Rd2 Nc7 37. Re2 Nd5 38. a5 Rc6 39. Qb3 Rc1 40. Re1 Rc7 41. Kf2 Qc6 42. Re2 Qd6 1/2-1/2

[Event "Niederoesterreich Landesliga 0506"]
[Site "Austria"]
[Date "2005.10.30"]
[Round "4"]
[White "Degen, Gerhard"]
[Black "Woeber, Friedrich"]
[Result "1/2-1/2"]
[WhiteElo "2117"]
[BlackElo "2155"]
[PlyCount "32"]
[EventDate "2005.09.18"]
[EventType "team-tourn"]
[EventRounds "13"]
[EventCountry "AUT"]
[SourceTitle "EXT 2022"]
[Source "ChessBase"]
[SourceDate "2021.10.06"]
[SourceVersion "1"]
[SourceVersionDate "2021.10.06"]
[SourceQuality "1"]

1. d4 d5 2. Nf3 Nf6 3. Bg5 e6 4. e3 c5 5. c3 Nc6 6. Bd3 Qb6 7. Qc1 Be7 8. Nbd2 cxd4 9. exd4 Bd7 10. 0-0 Rc8 11. Re1 h6 12. Bf4 Nh5 13. Be3 Qc7 14. Qd1 Nf4 15. Bf1 Ng6 16. c4 dxc4 1/2-1/2

[Event "Niederoesterreich Landesliga 0506"]
[Site "Austria"]
[Date "2005.10.16"]
[Round "3"]
[White "Wadsack, Wolfgang"]
[Black "Degen, Gerhard"]
[Result "1-0"]
[WhiteElo "2219"]
[BlackElo "2117"]
[PlyCount "53"]
[EventDate "2005.09.18"]
[EventType "team-tourn"]
[EventRounds "13"]
[EventCountry "AUT"]
[SourceTitle "EXT 2022"]
[Source "ChessBase"]
[SourceDate "2021.10.06"]
[SourceVersion "1"]
[SourceVersionDate "2021.10.06"]
[SourceQuality "1"]

1. e4 c6 2. d4 d5 3. exd5 cxd5 4. c4 Nf6 5. Nc3 Nc6 6. Bg5 Be6 7. Qd2 Qd7 8. Rd1 g6 9. Be2 a6 10. Bf3 Rd8 11. Bxf6 exf6 12. cxd5 Bg7 13. dxc6 bxc6 14. Nge2 0-0 15. 0-0 f5 16. b3 Qd6 17. Na4 Bc8 18. Rc1 Qe7 19. Bxc6 g5 20. Rfe1 Rd6 21. Ng3 Qd8 22. d5 g4 23. Rc4 Rh6 24. Qf4 Qh4 25. h3 Rf6 26. Re8 a5 27. Rxc8 1-0

[Event "Niederoesterreich Landesliga 0405"]
[Site "Austria"]
[Date "2005.02.20"]
[Round "8"]
[White "Vykydal, Frantisek"]
[Black "Degen, Gerhard"]
[Result "1/2-1/2"]
[WhiteElo "2246"]
[BlackElo "2097"]
[PlyCount "76"]
[EventDate "2004.09.19"]
[EventType "team-tourn"]
[EventRounds "11"]
[EventCountry "AUT"]
[SourceTitle "EXT 2022"]
[Source "ChessBase"]
[SourceDate "2021.10.06"]
[SourceVersion "1"]
[SourceVersionDate "2021.10.06"]
[SourceQuality "1"]

1. e4 c6 2. Nc3 d5 3. Nf3 Bg4 4. Be2 e6 5. Ne5 Bxe2 6. Qxe2 Be7 7. 0-0 Nf6 8. d3 0-0 9. f4 Nbd7 10. Kh1 Qc7 11. Nxd7 Qxd7 12. Bd2 Rad8 13. e5 Ne8 14. Rf3 f5 15. Rh3 g6 16. g4 d4 17. Nd1 Qd5+ 18. Kg1 Ng7 19. g5 Ne8 20. Rg3 Kf7 21. h4 Ng7 22. Rh3 Nh5 23. Nf2 Rh8 24. Nh1 h6 25. Qh2 Ng7 26. Ng3 h5 27. Qe2 Qb5 28. Bc1 Rc8 29. Nf1 Qd5 30. Qg2 Rhd8 31. Rf3 c5 32. b3 b5 33. Nd2 Ne8 34. Rf2 Nc7 35. Qxd5 Nxd5 36. Bb2 a6 37. a3 Ra8 38. Rc1 Rac8 1/2-1/2

[Event "Niederoesterreich Landesliga 0405"]
[Site "Austria"]
[Date "2004.12.12"]
[Round "6"]
[White "Penz, Harald"]
[Black "Degen, Gerhard"]
[Result "1/2-1/2"]
[WhiteElo "2269"]
[BlackElo "2097"]
[PlyCount "109"]
[EventDate "2004.09.19"]
[EventType "team-tourn"]
[EventRounds "11"]
[EventCountry "AUT"]
[SourceTitle "EXT 2022"]
[Source "ChessBase"]
[SourceDate "2021.10.06"]
[SourceVersion "1"]
[SourceVersionDate "2021.10.06"]
[SourceQuality "1"]

1. e4 c6 2. d4 d5 3. Nd2 dxe4 4. Nxe4 Nd7 5. Nf3 Ngf6 6. Nxf6+ Nxf6 7. Bd3 Bg4 8. c3 e6 9. h3 Bh5 10. 0-0 Be7 11. Re1 0-0 12. Be2 c5 13. Bg5 Qb6 14. Qb3 Rfd8 15. Qxb6 axb6 16. g4 Bg6 17. Bc4 Kf8 18. a3 Be4 19. Nd2 Bc6 20. Be3 Nd5 21. Bxd5 Bxd5 22. Rad1 Rac8 23. Nf1 h5 24. dxc5 bxc5 25. gxh5 Bf3 26. Rxd8+ Rxd8 27. h6 gxh6 28. Bxh6+ Ke8 29. Nh2 Bc6 30. Ng4 Rd3 31. Ne5 Rxh3 32. Nxc6 Rxh6 33. Nxe7 Kxe7 34. Kg2 Rh5 35. Rd1 Re5 36. Rd2 Re1 37. Kf3 Re5 38. Kf4 Re1 39. f3 Rh1 40. Ke3 Re1+ 41. Kd3 Kd6 42. f4 Kc6 43. Rh2 f5 44. Rf2 b5 45. c4 Re4 46. cxb5+ Kxb5 47. b3 c4+ 48. bxc4+ Kc5 49. a4 Rd4+ 50. Ke3 Rxc4 51. Ra2 Rc3+ 52. Kf2 Rc4 53. Kg3 e5 54. fxe5 Re4 55. a5 1/2-1/2

[Event "Niederoesterreich Landesliga 0405"]
[Site "Austria"]
[Date "2004.11.14"]
[Round "5"]
[White "Polsterer, Heinz"]
[Black "Degen, Gerhard"]
[Result "1/2-1/2"]
[WhiteElo "2016"]
[BlackElo "2097"]
[PlyCount "33"]
[EventDate "2004.09.19"]
[EventType "team-tourn"]
[EventRounds "11"]
[EventCountry "AUT"]
[SourceTitle "EXT 2022"]
[Source "ChessBase"]
[SourceDate "2021.10.06"]
[SourceVersion "1"]
[SourceVersionDate "2021.10.06"]
[SourceQuality "1"]

1. e4 c6 2. d4 d5 3. f3 e6 4. e5 c5 5. c3 Qb6 6. f4 Nc6 7. Nf3 Nh6 8. Bd3 Bd7 9. Bc2 Rc8 10. 0-0 cxd4 11. cxd4 Nxd4 12. Nxd4 Rc4 13. Be3 Bc5 14. Nd2 Rxc2 15. Nxc2 Bxe3+ 16. Nxe3 Qxe3+ 17. Kh1 1/2-1/2

[Event "Niederoesterreich Landesliga 0405"]
[Site "Austria"]
[Date "2004.10.17"]
[Round "3"]
[White "Degen, Gerhard"]
[Black "Svanda, Pavel"]
[Result "0-1"]
[WhiteElo "2097"]
[BlackElo "2277"]
[PlyCount "74"]
[EventDate "2004.09.19"]
[EventType "team-tourn"]
[EventRounds "11"]
[EventCountry "AUT"]
[SourceTitle "EXT 2022"]
[Source "ChessBase"]
[SourceDate "2021.10.06"]
[SourceVersion "1"]
[SourceVersionDate "2021.10.06"]
[SourceQuality "1"]

1. e4 c5 2. Nf3 d6 3. Bb5+ Nd7 4. d4 a6 5. Bxd7+ Bxd7 6. Nc3 cxd4 7. Qxd4 Nf6 8. Bg5 e6 9. 0-0-0 h6 10. Bh4 g5 11. Bg3 g4 12. e5 gxf3 13. exf6 fxg2 14. Rhe1 Bc6 15. Ne4 Bxe4 16. Qxe4 Qd7 17. Qxg2 Rg8 18. Qf3 Rg5 19. Rd3 Rc8 20. Red1 Rf5 21. Qe2 Rc6 22. Be5 Qc7 23. Bc3 b5 24. Rd5 Rxd5 25. Rxd5 Rc5 26. Rd1 Qc6 27. f3 Rf5 28. Rf1 h5 29. Qe3 e5 30. Kb1 Kd7 31. a3 Rxf6 32. Qa7+ Ke6 33. Qb8 Bh6 34. Bb4 Be3 35. Rd1 Bc5 36. Qd8 Bxb4 37. axb4 Rxf3 0-1

[Event "Niederoesterreich Landesliga 0304"]
[Site "Austria"]
[Date "2003.10.05"]
[Round "2"]
[White "Degen, Gerhard"]
[Black "Rumpl, Erwin"]
[Result "1-0"]
[WhiteElo "2205"]
[BlackElo "2254"]
[PlyCount "161"]
[EventDate "2003.09.21"]
[EventType "team-tourn"]
[EventRounds "11"]
[EventCountry "AUT"]
[SourceTitle "EXT 2022"]
[Source "ChessBase"]
[SourceDate "2021.10.06"]
[SourceVersion "1"]
[SourceVersionDate "2021.10.06"]
[SourceQuality "1"]

1. e4 c5 2. Nf3 Nc6 3. Bb5 d6 4. 0-0 Bd7 5. Re1 Nf6 6. c3 a6 7. Bf1 Bg4 8. d3 g6 9. h3 Bxf3 10. Qxf3 Bg7 11. Nd2 0-0 12. Nc4 Nd7 13. Ne3 b5 14. Ng4 Nde5 15. Qd1 Nxg4 16. hxg4 b4 17. Bd2 bxc3 18. bxc3 Qa5 19. Qc2 e5 20. Rab1 Rfc8 21. Rb2 Qc7 22. Reb1 Nd8 23. Qa4 Qc6 24. Qc4 Qd7 25. Be2 Rc7 26. Rb6 Rc6 27. Bd1 Qc7 28. R6b2 Qc8 29. Ba4 Rc7 30. Qd5 Bf8 31. f3 Rca7 32. Rb6 Qe6 33. Bb3 Qxd5 34. Bxd5 Rc8 35. a4 Ne6 36. g3 Nc7 37. Bc4 Be7 38. Kf2 Kg7 39. Rb7 Rca8 40. R1b6 Rxb7 41. Rxb7 Bd8 42. Be3 Kf6 43. g5+ Ke7 44. f4 exf4 45. Bxf4 Kd7 46. Bxf7 Kc6 47. Rb1 Bxg5 48. Bd5+ Nxd5 49. exd5+ Kxd5 50. Bxg5 c4 51. Ke2 Re8+ 52. Be3 Re5 53. Rb6 Rh5 54. dxc4+ Kxc4 55. Bd4 Rg5 56. Kf3 Ra5 57. Rb4+ Kd3 58. g4 h5 59. gxh5 gxh5 60. Kg3 Kc2 61. Kh4 Kd3 62. Bh8 Kc2 63. Bf6 Rf5 64. Bd4 Ra5 65. Bb6 Rf5 66. Bd4 Ra5 67. Rb6 Rxa4 68. Rxd6 a5 69. Ra6 Kb3 70. Kxh5 Ra2 71. Kg4 a4 72. Kf3 a3 73. Ke3 Rh2 74. Rb6+ Kc4 75. Rb4+ Kd5 76. c4+ Kc6 77. Rb6+ Kd7 78. Ra6 a2 79. Ke4 Rh4+ 80. Kd5 Rh5+ 81. Be5 1-0

[Event "Niederoesterreich Landesliga 0304"]
[Site "Austria"]
[Date "2003.09.21"]
[Round "1"]
[White "Degen, Gerhard"]
[Black "Neubauer, Martin"]
[Result "0-1"]
[WhiteElo "2205"]
[BlackElo "2417"]
[PlyCount "83"]
[EventDate "2003.09.21"]
[EventType "team-tourn"]
[EventRounds "11"]
[EventCountry "AUT"]
[SourceTitle "EXT 2022"]
[Source "ChessBase"]
[SourceDate "2021.10.06"]
[SourceVersion "1"]
[SourceVersionDate "2021.10.06"]
[SourceQuality "1"]

1. e4 d6 2. d4 Nf6 3. Nc3 g6 4. Be2 Bg7 5. Be3 a6 6. Qd2 b5 7. a3 Bb7 8. f3 Nbd7 9. Bh6 Bxh6 10. Qxh6 e5 11. d5 Qe7 12. Nh3 Qf8 13. Qd2 h6 14. 0-0 Qg7 15. Nd1 0-0 16. c4 bxc4 17. Rc1 Ne8 18. Ne3 f5 19. Nxc4 f4 20. b4 g5 21. Na5 Bc8 22. Kf2 g4 23. Ng1 g3+ 24. Ke1 gxh2 25. Nh3 Qxg2 26. Nf2 Ndf6 27. Kd1 Qxf2 28. Rxf2 h1Q+ 29. Kc2 Qh5 30. Rg2+ Kh7 31. Rcg1 Bd7 32. Kb2 Rg8 33. Bd1 Rxg2 34. Qxg2 Qf7 35. Be2 Nh5 36. Rc1 Ng3 37. Qh2 Qh5 38. Qf2 Qh4 39. Rg1 Qd8 40. Bd3 Qb8 41. Rxg3 fxg3 42. Qxg3 0-1